000 00896nam a22002055i 4500
001 154670
003 ES-MaACL
005 20230906205820.0
008 960911s1862 sp |||| | spa d
080 _a908(460.154)"18"(038)
100 1 _aGorosabel, Pablo de.
_9127478
245 1 0 _aDiccionario histórico-geográfico-descriptivo de los pueblos, valles, partidos, alcaldías y uniones de Guipúzcoa
_b: con un apéndice de las cartas-pueblas y otros documentos importantes /
_cpor D. Pablo de Gorosabel.
260 _aTolosa :
_b[s.n.],
_c1862 (
_fImp. de Pedro Gurruchaga)
300 _a[4], VI, 734 p. ;
_c23 cm.
530 _aDisponible en formato digital.
597 _aAntep.
651 4 _aGuipúzcoa-
_xDescripción-
_vDiccionarios.
_98812
852 _aES-MaACL
_jF-5406
_z- Enc. hol.
856 _uhttp://bdh-rd.bne.es/viewer.vm?id=0000000886&page=1
_zBiblioteca Digital Hispánica
999 _c154670
_d154670